Statistics for Liqueur Flavours

Click here to take the quiz!

General Stats

  • This quiz has been taken 301 times
    (299 since last reset)
  • The average score is 12 of 21

Answer Stats

HintAnswer% Correct
LimoncelloLemon
87%
Crème de MentheMint
85%
AmarettoAlmond
84%
Grand MarnierOrange
84%
MaraschinoCherry
79%
Manzana VerdeGreen Apple
73%
Crème de CacaoChocolate
72%
KahluaCoffee
72%
ChambordRaspberry
65%
FrangelicoHazelnut
57%
Crème de CassisBlackcurrant
55%
KruskovacPear
53%
SambucaAnise
51%
MidoriMelon
51%
Crème de VioletteViolet
46%
Pisang AmbonBanana
36%
BärenjägerHoney
30%
Domaine de CantonGinger
26%
St. GermainElderflower
25%
BailoniApricot
17%
PAMAPomegranate
12%

Score Distribution

Percentile by Number Answered

Percent of People with Each Score

Your Score History

You have not taken this quiz since the last reset